Search the Library Catalogue
| 000 -LEADER | |
|---|---|
| fixed length control field | 00502nam a2200193Ia 4500 |
| 008 - FIXED-LENGTH DATA ELEMENTS--GENERAL INFORMATION | |
| fixed length control field | 210417s9999 xx 000 0 und d |
| 020 ## - INTERNATIONAL STANDARD BOOK NUMBER | |
| International Standard Book Number | 9789385285257 |
| -- | 9385285254 |
| 082 ## - DEWEY DECIMAL CLASSIFICATION NUMBER | |
| Classification number | 791.43028092 KHA |
| Item number | 22.791.43028092 KHA |
| 245 #0 - TITLE STATEMENT | |
| Title | SRK : 25 years of a life |
| Statement of responsibility, etc. | SRK 25 years of a life |
| 250 ## - EDITION STATEMENT | |
| Remainder of edition statement | "181 p. : col. ill. ; 32cm., hbk" |
| 260 ## - PUBLICATION, DISTRIBUTION, ETC. | |
| Place of publication, distribution, etc. | New Delhi |
| Name of publisher, distributor, etc. | Niyogi Books |
| Date of publication, distribution, etc. | 2016 |
| 700 ## - ADDED ENTRY--PERSONAL NAME | |
| Personal name | " Khan, Samar" |
| Numeration | Samar Khan |
| Withdrawn status | Lost status | Source of classification or shelving scheme | Damaged status | Not for loan | Home library | Current library | Shelving location | Date acquired | Full call number | Barcode | Date last seen | Price effective from | Koha item type |
|---|---|---|---|---|---|---|---|---|---|---|---|---|---|
| Dewey Decimal Classification | Anna Centenary Library | Anna Centenary Library | 6TH FLOOR, B WING | 02.08.2019 | 791.43028092 KHA | 609498 | 17.04.2021 | 17.04.2021 | English Books |